| 000 | 00985nam a22002177a 4500 | ||
|---|---|---|---|
| 999 |
_c179063 _d179063 |
||
| 005 | 20210518111714.0 | ||
| 010 | _aB-739830 | ||
| 020 | _c1000.00 | ||
| 035 | _aB-739830 | ||
| 037 | _bडी.बी.ए.डी./ उपहार | ||
| 082 | _a133.53 | ||
| 100 | _aझा,सुरकान्ता | ||
| 245 |
_aमन्त्रमहार्णव / _cसुरकान्त झा |
||
| 250 | _aछटा संस्क. | ||
| 260 |
_aवाराणसी _bश्रीठाकुरप्रसाद पुस्तक भण्डार _c202? |
||
| 270 |
_aकचौड़ी गली, _bवाराणसी _e221001 |
||
| 300 |
_a1344पृ _c22सेमी (सजिल्द) |
||
| 500 | _aमध्य देवी खण्ड हिन्दी सहित | ||
| 942 |
_2ddc _cHN _h133.53 _mझासुर |
||